000 00715cam a2200253 4500
001 45850
010 _a9724122670
021 _b149294/00
090 _a45850
100 _a20010221d2000 c y0pory5003 ba
101 1 _apor
102 _aPT
200 1 _aO maravilhoso mundo do circo
_ftexto Alain Jost
_gil. Carlos Busquets, J. Boscch
_gtrad. e adapt. Vítor da Rocha
205 _a1.ª ed.
210 9 _aPorto
_cAsa,
_d2000
215 _a116, [1] p.
_ctodo il.
_d30 cm
304 _aTít. orig.: Le cirque bambini
675 _a087.5
_vBN
_zpor
702 1 _aJost,
_bAlain
_4070
702 1 _aBusquets,
_bC.
_4440
702 1 _aBosch,
_bJ.
_4440
702 1 _aRocha,
_bVítor da,
_f1961-
_4730
801 _aPT
_gRPC
990 _cLIVROS